书目信息 |
| 题名: |
AUTHORWARE 5 多媒体制作实例详
|
|
| 作者: | 顾泽月 编著 | |
| 分册: | ||
| 出版信息: | 北京 人民邮电出版社 1999.07 |
|
| 页数: | 455页 | |
| 开本: | 16开 | |
| 丛书名: | ||
| 单 册: | ||
| 中图分类: | TP391.41 | |
| 科图分类: | ||
| 主题词: | 计算机应用 | |
| 电子资源: | ||
| ISBN: | 7-115-08004-6 | |
| 000 | 00583nam0 2200193 45 | |
| 001 | 0009291580 | |
| 005 | 20000929154453.6 | |
| 010 | @a7-115-08004-6@d52.00元 | |
| 100 | @a20000929d1999 km y0chiy0120 ea | |
| 101 | 0 | @achi |
| 105 | @a z 000yy | |
| 200 | 1 | @aAUTHORWARE 5 多媒体制作实例详@AAUTHORWARE 5 Duo Mei Ti Zhi Zuo Shi Li Xiang@f顾泽月编著@FGu Ze Yue Bian Zhu |
| 210 | @a北京@c人民邮电出版社@d1999.07 | |
| 215 | @a455页@d16开 | |
| 606 | 0 | @a计算机应用 |
| 690 | @aTP391.41@v3 | |
| 701 | 0 | @a顾泽月@4编著 |
| 801 | @aCN@bPftUser@c20000929 | |
| 905 | @b159219@dTP391.41@eL:268@f1 | |
| AUTHORWARE 5 多媒体制作实例详/顾泽月编著.-北京:人民邮电出版社,1999.07 |
| 455页;16开 |
| ISBN 7-115-08004-6:52.00元 |
| ● |
| 相关链接 |
|
|
|
正题名:AUTHORWARE 5多媒体制作实例详
索取号:TP391.41/L:268
 
预约/预借
| 序号 | 登录号 | 条形码 | 馆藏地/架位号 | 状态 | 备注 |
| 1 | 159219 | 201592197 | 自科二线504/504自科库 1排4列4层/ [索取号:TP391.41/L:268] | 在馆 |